Probabilidad y estadística para ingeniería /

Guardado en:
Autor Principal: Hines, William W.
Otros Autores: Montgomery, Douglas C.
Formato: Libro
Idioma:Spanish
English
Publicado: México : Compañía Editorial Continental, 1993.
Edición:2a ed.
Materias:
Etiquetas: Agregar Etiqueta
Sin Etiquetas, Sea el primero en etiquetar este registro!
LEADER 00930nam a22002415a 4500
001 EIQ.libpla003732
008 050407s1993####mx#a#####b####001#0#spa#d
005 20080306173404.0
245 1 0 |a Probabilidad y estadística para ingeniería /  |c William W. Hines, Douglas C. Montgomery. 
250 |a 2a ed. 
260 |a México :  |b Compañía Editorial Continental,  |c 1993. 
300 |a xix, 834 p. :  |b il. ;  |c 23 cm. 
500 |a Traducción de: Probability and statics in engineering and managemente science, 3rd ed.; publicado por J. Wiley, c1990. 
504 |a Incluye referencias bibliográficas e índice. 
020 |a 9682612322 
100 1 |a Hines, William W. 
700 1 |a Montgomery, Douglas C. 
082 0 4 |a 519.2  |2 21 
650 4 |a Ingeniería  |x Métodos estadísticos 
650 4 |a Engineering  |x Statistical methods. 
040 |a AR-BbSID  |b spa  |c AR-BbSID 
041 1 |a spa  |h eng 
859 |a AR-BbSID  |b BIB. PLAPIQUI  |h 519.5  |i H 581  |p 5581